| 000 | 00811nas a2200289 4500 | ||
|---|---|---|---|
| 001 | BR9500954 | ||
| 003 | BR-BrBNA | ||
| 005 | 20231205093847.0 | ||
| 007 | ta | ||
| 008 | 230509b bl.|||p| |||| 00| 00por d | ||
| 040 |
_aBR-BrBNA _bpor _cBiblioteca Nacional de Agricultura |
||
| 041 | _a(Pt) | ||
| 072 | _aH20 | ||
| 100 | 1 | _aLawrence, J.S. | |
| 100 | 1 | _aCampelo, A.M.F.L. | |
| 100 | 1 | _aFigueiredo, J.M. de | |
| 245 | 1 | _aEnfermidades do cacaueiro. 4 - Doencas viroticas | |
| 650 | _aCacau | ||
| 650 | _aDoenca de Planta | ||
| 650 | _aMosaico | ||
| 650 | _aNecrose | ||
| 650 | _aVirus | ||
| 773 | 0 |
_tAgrotropica (Brazil) _xISSN 0103-3816 _g(Sep-Dec 1991), v. 3(3) p. 115-118 _wBR9500954 |
|
| 856 | 4 | 0 | _dLink DSPACE/MAPA BR9500954 |
| 909 |
_a202311 _bLúcia _c55 _dLúcia Elande |
||
| 942 |
_2AGRIS _n0 _cANA |
||
| 999 |
_c140779 _d140779 |
||